00659nam a2200169 a 4500008004100000050001800041100001900059245005100078246003200129260004900161300000700210350000900217700001700226995009500243999001700338952013400355120416s1972 ||||||||||||||||| || u aHX 457.T3 Soc aCliffe, Lionel10aSocialism in Tanzaniacedited by Lionel Cliffe aan interdisciplinary reader aNairobibEast African Publishing Housec1972 av. a0.00 aSaul, John S D0.00FCBU-MAIN LIBRARY (Kitwe)H1I0.00M1UAVAILABLEZMain Library Open Access Collection c57764d57764 00102lcc4070a001b001cMain Library Open Access Collectiond2022-11-30l0oHX 457.T3 Socp009326r2022-11-30w2022-11-30y002